000 01334namaa22003371i 4500
003 EG-GICUC
005 20251112152005.0
008 251112s1986 le abc|jr|||| 000 0 ara d
040 _aEG-GiCUC
_bara
_cEG-GiCUC
_dEG-GiCUC
_erda
082 0 4 _221
_a031
_bM9667
092 0 4 _221
_a031
_bM9667
099 _a031 M9667 1986
100 1 _eمؤلف.
245 2 _aالمنجد فى اللغة والأعلام /
246 1 _aالمنجد فى اللغة
246 1 _aالمنجد فى الأعلام
250 _aطبعة جديدة منقحة
264 _aبيروت (لبنان) :
_bدار المشرق،
_c1986
300 _a 1مجلد 2 فى
_bإيضاحيات بعضها ملون، صور بعضها ملون ، خرائط بعضها ملون ؛
_c24 سم
336 _2rdacontent
_atext
337 _2rdamedia
_aUnmediated
338 _2rdacarrier
_avolume
500 _aتزين متنه أربعون لوحة ملونة.
505 _aالمنجد فى اللغة (الطبعة 37) - المنجد فى الأعلام (الطبعة 23)
541 _aد. جابر عصفور ؛
_bالقاهرة ؛
_cإهداء ؛
_d2024.
650 1 7 _aاللغة العربية
_vمعاجم
_2qrmak
650 1 7 _aدوائر المعارف العربية
_2qrmak
651 1 _2qrmak
905 _aHuda
942 _2ddc
_cBK
_e21
_n0
999 _c175810
_d175810